Vizualizácia podnikateľského modelu

Názory autorov na podnikateľský model. Koncepty podnikateľských modelov. Segmenty zákazníkov. Hodnota, ktorú podnik vytvára. Vzťahy so zákazníkom. Prúdy príjmov podniku. Kľúčové aktivity a kľúčoví partneri. Štruktúra nákladov. Vizualizácia podnikateľského modelu mobilných operátorov na Slovensku.

Na minha lista:
Detalhes bibliográficos
Autor principal: Bednár, Richard, 1985-
Formato: Capítulo de Livro
Idioma:eslovaco
Assuntos:
Tags: Adicionar Tag
Sem tags, seja o primeiro a adicionar uma tag!

MARC

LEADER 00000naa$a2200000$$$4500
001 0240705
005 20240502073922.1
041 0 |a slo 
044 |a SK 
245 1 0 |a Vizualizácia podnikateľského modelu  |c Richard Bednár 
520 |a Názory autorov na podnikateľský model. Koncepty podnikateľských modelov. Segmenty zákazníkov. Hodnota, ktorú podnik vytvára. Vzťahy so zákazníkom. Prúdy príjmov podniku. Kľúčové aktivity a kľúčoví partneri. Štruktúra nákladov. Vizualizácia podnikateľského modelu mobilných operátorov na Slovensku. 
610 2 0 |a podnikanie 
610 2 0 |a modely podnikateľské 
610 2 0 |a podnik 
610 2 0 |a segmentácia 
610 2 0 |a zákazníci 
610 2 0 |a príjmy 
610 2 0 |a náklady 
610 2 0 |a partneri obchodní 
610 2 0 |a hodnota pridaná 
100 1 |a Bednár, Richard, 1985-